| 000 | 01139nam0a22003251 4500 | ||
|---|---|---|---|
| 001 | RU\INGAK2\INFOCOMM_318\NLR\5000089890 | ||
| 005 | 20250625202426.0 | ||
| 010 |
_98500 экз. _a5-03-000644-3 |
||
| 010 | _a5-03-000197-2 | ||
| 035 | _a(NLR Aleph) 011025359 | ||
| 090 |
_a11086232 _c11086232 |
||
| 100 | _a20121224d1989 |||y0rusy50 ca | ||
| 101 | 1 |
_afre _crus |
|
| 102 | _aRU | ||
| 105 | _ay z|||| | ||
| 200 | 1 |
_aMécanique des fluides _f[Trad. du russe par Serguei Medvédev] |
|
| 205 | _a2-e éd. rev. et compl. | ||
| 210 |
_aM. _c"Mir" _d1989 |
||
| 215 |
_a752 с. _cил. _d22 см |
||
| 225 | 1 |
_aPhysique théorique _eEn 10t. _fL. Landau et E. Lifchitz _vT. 6 |
|
| 300 | _aВ вып. дан.: Гидродинамика / Лев Давидович Ландау, Евгений Михайович Лифшиц | ||
| 517 | 1 |
_aГидродинамика _zrus |
|
| 620 | _aМосква | ||
| 700 | 1 |
_aLandau _bL. D. _f1908-1968 _gLev Davidovič |
|
| 701 | 1 |
_aLifšic _bE. M. _f1915- _gEvgenij Michajlovič |
|
| 801 | 1 |
_aRU _bInfoComm _c20121224 |
|
| 801 | 0 |
_aRU _bNLR _gPSBO |
|
| 852 |
_aNLR _jФз01 Д-5/4466-6 |
||
| 942 | _cBOOK | ||
| 980 | _aNB | ||